Selekční jazyk a jeho popis /
Saved in:
| Main Authors: | , |
|---|---|
| Other Authors: | |
| Format: | Book |
| Language: | Czech |
| Published: |
Praha :
UVTEI - Ústředí vědeckých, technických a ekonomických informací,
1968
|
| Edition: | [1. vyd.] |
| Subjects: | |
| Online Access: |
|
| Tags: |
Add Tag
No Tags, Be the first to tag this record!
|
MARC
| LEADER | 00000cam a2200000 4500 | ||
|---|---|---|---|
| 003 | SK-BrCVT | ||
| 005 | 20220621164226.0 | ||
| 008 | 080418s1968 cs e ||||||cze d | ||
| 035 | |a CVTIDW1442792 | ||
| 040 | |b slo |a CVTI SR |e AACR2 | ||
| 041 | 0 | |a cze | |
| 044 | |a cs | ||
| 080 | |a 025.4 |2 UDC-MRF | ||
| 100 | 1 | |a Sechser, O. |4 aut | |
| 245 | 1 | 0 | |a Selekční jazyk a jeho popis / |c O. Sechser, J. Mojžíšek, M. Königová |
| 250 | |a [1. vyd.] | ||
| 260 | |a Praha : |b UVTEI - Ústředí vědeckých, technických a ekonomických informací, |c 1968 | ||
| 300 | |a 219 s. | ||
| 653 | 1 | |a selekčný jazyk | |
| 700 | 1 | |a Mojžíšek, Josef | |
| 700 | 1 | |a Königová, M. |4 aut | |
| 910 | |b A225794 |b A225795 |b A225796 |b A267438 | ||
| 974 | |f Knihy | ||
| 992 | |a AMG | ||
| 999 | |c 162051 |d 162051 | ||